[Event "Tournoi International du Pays de Charleroi 2018"]
[Site "Roux, Belgium"]
[Date "2018.07.28"]
[Round "1.7"]
[White "Uhoda, Philippe"]
[Black "Godart, Francois"]
[Result "0-1"]
[WhiteElo "2068"]
[BlackElo "2427"]

1. e4 {[%clk 01:30:00]} {[%emt 00:00:59]} e6 {[%clk 01:30:33]} {[%emt
00:00:28]} 2. Nf3 {[%clk 01:30:23]} {[%emt 00:00:07]} d5 {[%clk 01:31:00]}
{[%emt 00:00:03]} 3. e5 {[%clk 01:30:46]} {[%emt 00:00:06]} c5 {[%clk
01:31:02]} {[%emt 00:00:28]} 4. Bb5+ {[%clk 01:31:09]} {[%emt 00:00:07]} Bd7
{[%clk 01:29:48]} {[%emt 00:01:44]} 5. a4 {[%clk 01:31:04]} {[%emt 00:00:35]}
Nc6 {[%clk 01:28:36]} {[%emt 00:01:42]} 6. O-O {[%clk 01:31:05]} {[%emt
00:00:29]} Nge7 {[%clk 01:25:40]} {[%emt 00:03:26]} 7. d3 {[%clk 01:29:26]}
{[%emt 00:02:09]} h6 {[%clk 01:22:00]} {[%emt 00:04:11]} 8. Re1 {[%clk
01:16:08]} {[%emt 00:13:48]} g5 {[%clk 01:15:51]} {[%emt 00:06:39]} 9. c4
{[%clk 01:05:39]} {[%emt 00:10:58]} Bg7 {[%clk 01:14:08]} {[%emt 00:02:13]} 10.
h3 {[%clk 01:03:03]} {[%emt 00:03:06]} Qc7 {[%clk 01:08:35]} {[%emt 00:06:03]}
11. Bxc6 {[%clk 00:53:42]} {[%emt 00:09:51]} Bxc6 {[%clk 01:07:57]} {[%emt
00:01:09]} 12. cxd5 {[%clk 00:48:42]} {[%emt 00:05:30]} Nxd5 {[%clk 01:01:00]}
{[%emt 00:07:27]} 13. Na3 {[%clk 00:37:04]} {[%emt 00:12:09]} O-O {[%clk
00:56:13]} {[%emt 00:05:17]} 14. Nc4 {[%clk 00:36:24]} {[%emt 00:01:10]} Rfd8
{[%clk 00:50:17]} {[%emt 00:06:26]} 15. Nh2 {[%clk 00:22:09]} {[%emt 00:14:45]}
Nb4 {[%clk 00:46:37]} {[%emt 00:04:10]} 16. Qh5 {[%clk 00:14:29]} {[%emt
00:08:09]} Nxd3 {[%clk 00:41:55]} {[%emt 00:05:12]} 17. Ng4 {[%clk 00:14:01]}
{[%emt 00:00:58]} Nxe1 {[%clk 00:40:27]} {[%emt 00:01:58]} 18. Nxh6+ {[%clk
00:14:23]} {[%emt 00:00:08]} Bxh6 {[%clk 00:39:51]} {[%emt 00:01:07]} 19. Qxh6
{[%clk 00:14:42]} {[%emt 00:00:10]} Rd1 {[%clk 00:38:51]} {[%emt 00:01:29]} 20.
Kh2 {[%clk 00:13:30]} {[%emt 00:01:42]} f6 {[%clk 00:37:15]} {[%emt 00:02:07]}
21. Bxg5 {[%clk 00:13:19]} {[%emt 00:00:41]} Rxa1 {[%clk 00:35:27]} {[%emt
00:02:18]} 22. Bxf6 {[%clk 00:13:09]} {[%emt 00:00:40]} Qh7 {[%clk 00:35:51]}
{[%emt 00:00:06]} 23. Qg5+ {[%clk 00:13:22]} {[%emt 00:00:17]} Kf8 {[%clk
00:36:10]} {[%emt 00:00:10]} 24. Nd6 {[%clk 00:09:51]} {[%emt 00:04:02]} Bxg2
{[%clk 00:36:10]} {[%emt 00:00:30]} 25. Be7+ {[%clk 00:07:16]} {[%emt
00:03:05]} Qxe7 {[%clk 00:36:28]} {[%emt 00:00:12]} 26. Qf4+ {[%clk 00:07:38]}
{[%emt 00:00:07]} Kg8 {[%clk 00:35:35]} {[%emt 00:01:23]} 27. Qg4+ {[%clk
00:08:03]} {[%emt 00:00:06]} Kh8 {[%emt 00:02:48]} 0-1

[Event "Tournoi International du Pays de Charleroi 2018"]
[Site "Roux, Belgium"]
[Date "2018.07.28"]
[Round "1.10"]
[White "Kulkarni, Rakesh"]
[Black "Schuermans, Robert"]
[Result "1/2-1/2"]
[WhiteTitle "IM"]
[WhiteElo "2363"]
[BlackElo "2044"]

1. e4 {[%clk 01:30:56]} {[%emt 00:00:02]} e5 {[%clk 01:30:41]} {[%emt
00:00:19]} 2. Nf3 {[%clk 01:31:20]} {[%emt 00:00:06]} Nc6 {[%clk 01:30:52]}
{[%emt 00:00:19]} 3. d4 {[%clk 01:31:46]} {[%emt 00:00:05]} exd4 {[%clk
01:30:38]} {[%emt 00:00:44]} 4. Nxd4 {[%clk 01:32:11]} {[%emt 00:00:04]} Nf6
{[%clk 01:30:41]} {[%emt 00:00:57]} 5. Nc3 {[%clk 01:33:06]} {[%emt 00:00:06]}
Bc5 {[%clk 01:30:21]} {[%emt 00:00:49]} 6. Nb3 {[%clk 01:31:48]} {[%emt
00:01:49]} Bb4 {[%clk 01:28:28]} {[%emt 00:02:23]} 7. Bd3 {[%clk 01:31:40]}
{[%emt 00:00:38]} O-O {[%clk 01:24:33]} {[%emt 00:04:24]} 8. O-O {[%clk
01:31:21]} {[%emt 00:00:50]} Bxc3 {[%clk 01:23:21]} {[%emt 00:01:41]} 9. bxc3
{[%clk 01:31:46]} {[%emt 00:00:06]} d5 {[%clk 01:23:04]} {[%emt 00:00:45]} 10.
exd5 {[%clk 01:31:45]} {[%emt 00:00:32]} Qxd5 {[%clk 01:20:15]} {[%emt
00:03:20]} 11. Bf4 {[%clk 01:29:53]} {[%emt 00:02:21]} Ne5 {[%clk 01:06:49]}
{[%emt 00:13:56]} 12. Be2 {[%clk 01:23:27]} {[%emt 00:06:57]} Qe4 {[%clk
00:59:19]} {[%emt 00:07:59]} 13. Bg3 {[%clk 01:20:34]} {[%emt 00:03:23]} Re8
{[%clk 00:52:30]} {[%emt 00:07:19]} 14. Re1 {[%clk 01:20:00]} {[%emt 00:01:04]}
Qg6 {[%clk 00:47:18]} {[%emt 00:05:39]} 15. Bb5 {[%clk 01:17:13]} {[%emt
00:03:20]} Bd7 {[%clk 00:43:42]} {[%emt 00:04:06]} 16. Bxd7 {[%clk 01:14:29]}
{[%emt 00:03:15]} Nexd7 {[%clk 00:43:06]} {[%emt 00:01:06]} 17. Rxe8+ {[%clk
01:14:29]} {[%emt 00:00:30]} Rxe8 {[%clk 00:43:24]} {[%emt 00:00:12]} 18. Bxc7
{[%clk 01:14:52]} {[%emt 00:00:07]} Rc8 {[%clk 00:40:47]} {[%emt 00:03:05]} 19.
Bg3 {[%clk 01:15:15]} {[%emt 00:00:09]} Rxc3 {[%clk 00:38:28]} 20. Qd4 {[%clk
01:15:04]} {[%emt 00:03:29]} Qxc2 {[%clk 00:36:27]} {[%emt 00:02:30]} 21. Qxa7
{[%clk 01:14:28]} {[%emt 00:01:07]} Rd3 {[%clk 00:35:35]} {[%emt 00:01:21]} 22.
h3 {[%clk 01:12:35]} {[%emt 00:02:24]} Rd1+ {[%clk 00:35:02]} {[%emt 00:01:04]}
23. Rxd1 {[%clk 01:12:59]} {[%emt 00:00:05]} Qxd1+ {[%clk 00:35:24]} {[%emt
00:00:08]} 24. Kh2 {[%clk 01:13:26]} {[%emt 00:00:03]} Qd5 {[%clk 00:34:25]}
{[%emt 00:01:27]} 25. Qa8+ {[%clk 01:10:18]} {[%emt 00:03:40]} Nf8 {[%clk
00:34:42]} {[%emt 00:00:13]} 26. f3 {[%clk 01:05:36]} {[%emt 00:05:13]} h6
{[%clk 00:31:37]} {[%emt 00:03:34]} 27. Qc8 {[%clk 01:02:32]} {[%emt 00:03:35]}
N6d7 {[%clk 00:30:36]} {[%emt 00:01:29]} 28. Qc2 {[%clk 01:01:38]} {[%emt
00:01:25]} Ne6 {[%clk 00:29:41]} {[%emt 00:01:24]} 29. a4 {[%clk 01:01:53]}
{[%emt 00:00:17]} Ndc5 {[%clk 00:27:45]} {[%emt 00:02:26]} 30. Nxc5 {[%clk
01:01:23]} {[%emt 00:01:16]} 1/2-1/2

[Event "Tournoi International du Pays de Charleroi 2018"]
[Site "Roux, Belgium"]
[Date "2018.07.28"]
[Round "1.18"]
[White "Decrop, Benjamin"]
[Black "Vanden Bussche, Steven"]
[Result "1-0"]
[WhiteElo "2207"]
[BlackElo "2001"]

1. e4 {[%clk 01:30:57]} {[%emt 00:00:02]} c6 {[%clk 01:30:46]} {[%emt
00:00:15]} 2. Nf3 {[%clk 01:31:22]} {[%emt 00:00:05]} d5 {[%clk 01:30:51]}
{[%emt 00:00:25]} 3. Nc3 {[%clk 01:31:47]} {[%emt 00:00:04]} Bg4 {[%clk
01:30:35]} {[%emt 00:00:46]} 4. h3 {[%clk 01:32:12]} {[%emt 00:00:05]} Bxf3
{[%clk 01:31:02]} {[%emt 00:00:04]} 5. Qxf3 {[%clk 01:32:37]} {[%emt 00:00:04]}
e6 {[%clk 01:31:16]} {[%emt 00:00:17]} 6. d3 {[%clk 01:30:46]} {[%emt
00:02:21]} Bd6 {[%clk 01:29:55]} {[%emt 00:01:51]} 7. Bd2 {[%clk 01:30:32]}
{[%emt 00:00:43]} Nf6 {[%clk 01:24:41]} {[%emt 00:05:44]} 8. g4 {[%clk
01:26:38]} {[%emt 00:04:25]} Nfd7 {[%clk 01:18:29]} {[%emt 00:06:42]} 9. exd5
{[%clk 01:17:43]} {[%emt 00:09:22]} exd5 {[%clk 01:14:45]} {[%emt 00:04:16]} 10.
O-O-O {[%clk 01:15:46]} {[%emt 00:02:27]} Nf8 {[%clk 01:08:08]} {[%emt
00:07:08]} 11. g5 {[%clk 01:11:23]} {[%emt 00:04:52]} Ne6 {[%clk 01:06:02]}
{[%emt 00:02:36]} 12. h4 {[%clk 01:10:50]} {[%emt 00:01:03]} Nd7 {[%clk
01:05:36]} {[%emt 00:00:56]} 13. Bh3 {[%clk 01:04:36]} {[%emt 00:06:43]} Qc7
{[%clk 00:53:51]} {[%emt 00:12:16]} 14. Rde1 {[%clk 00:50:52]} {[%emt
00:14:15]} Ndf8 {[%clk 00:51:05]} {[%emt 00:03:15]} 15. Ne2 {[%clk 00:47:28]}
{[%emt 00:03:54]} O-O-O {[%clk 00:33:28]} {[%emt 00:18:07]} 16. Nd4 {[%clk
00:46:37]} {[%emt 00:01:21]} Re8 {[%clk 00:26:48]} {[%emt 00:07:10]} 17. Nf5
{[%clk 00:46:24]} {[%emt 00:00:43]} Ng6 {[%clk 00:22:18]} {[%emt 00:05:00]} 18.
Nxd6+ {[%clk 00:43:27]} {[%emt 00:03:27]} Qxd6 {[%clk 00:22:41]} {[%emt
00:00:08]} 19. Qxf7 {[%clk 00:43:43]} {[%emt 00:00:13]} Ne5 {[%clk 00:22:09]}
{[%emt 00:01:02]} 20. Rxe5 {[%clk 00:43:47]} {[%emt 00:00:26]} Qxe5 {[%clk
00:22:08]} {[%emt 00:00:31]} 21. Re1 {[%clk 00:44:10]} {[%emt 00:00:07]} Qc7
{[%clk 00:17:10]} {[%emt 00:05:28]} 22. Bxe6+ {[%clk 00:40:47]} {[%emt
00:03:53]} Kd8 {[%clk 00:17:35]} {[%emt 00:00:04]} 23. Qxc7+ {[%clk 00:39:41]}
{[%emt 00:01:37]} Kxc7 {[%clk 00:18:00]} {[%emt 00:00:05]} 24. Bf4+ {[%clk
00:38:21]} {[%emt 00:01:50]} Kd8 {[%clk 00:18:25]} {[%emt 00:00:05]} 25. Bd6
{[%clk 00:38:01]} {[%emt 00:00:50]} h5 {[%clk 00:15:32]} {[%emt 00:03:23]} 26.
Kd2 {[%clk 00:37:51]} {[%emt 00:00:41]} Rh7 {[%clk 00:15:09]} {[%emt 00:00:52]}
27. g6 {[%clk 00:37:50]} {[%emt 00:00:31]} Rhh8 {[%clk 00:14:42]} {[%emt
00:00:56]} 28. Bf7 {[%clk 00:38:10]} {[%emt 00:00:11]} 1-0

[Event "Tournoi International du Pays de Charleroi 2018"]
[Site "Roux, Belgium"]
[Date "2018.07.28"]
[Round "1.27"]
[White "Watelet, Sylvain"]
[Black "De Herdt, Yasseen"]
[Result "0-1"]
[WhiteElo "1958"]
[BlackElo "2146"]

1. e4 {[%clk 01:30:57]} {[%emt 00:00:02]} c5 {[%clk 01:30:31]} {[%emt
00:00:29]} 2. Nf3 {[%clk 01:30:20]} {[%emt 00:01:07]} d6 {[%clk 01:29:58]}
{[%emt 00:01:03]} 3. d4 {[%clk 01:27:13]} {[%emt 00:03:37]} cxd4 {[%clk
01:30:25]} {[%emt 00:00:03]} 4. Nxd4 {[%clk 01:27:39]} {[%emt 00:00:04]} Nf6
{[%clk 01:30:47]} {[%emt 00:00:09]} 5. f3 {[%clk 01:24:41]} {[%emt 00:03:27]}
e5 {[%clk 01:30:45]} {[%emt 00:00:33]} 6. Nb5 {[%clk 01:20:49]} {[%emt
00:04:21]} a6 {[%clk 01:28:08]} {[%emt 00:03:08]} 7. N5c3 {[%clk 01:20:09]}
{[%emt 00:01:10]} Be6 {[%clk 01:02:21]} {[%emt 00:26:16]} 8. Bg5 {[%clk
01:14:52]} {[%emt 00:05:47]} Be7 {[%clk 01:01:05]} {[%emt 00:01:47]} 9. Bxf6
{[%clk 01:11:02]} {[%emt 00:04:20]} Bxf6 {[%clk 01:00:25]} {[%emt 00:01:10]} 10.
Nd5 {[%clk 01:10:57]} {[%emt 00:00:35]} Bh4+ {[%clk 00:51:30]} {[%emt
00:09:24]} 11. g3 {[%clk 01:10:15]} {[%emt 00:01:12]} Bg5 {[%clk 00:51:57]}
{[%emt 00:00:03]} 12. Nbc3 {[%clk 01:05:41]} {[%emt 00:05:04]} O-O {[%clk
00:47:51]} {[%emt 00:04:36]} 13. Bg2 {[%clk 01:04:57]} {[%emt 00:01:13]} f5
{[%clk 00:35:41]} {[%emt 00:12:40]} 14. O-O {[%clk 00:38:54]} {[%emt 00:26:33]}
f4 {[%clk 00:23:39]} {[%emt 00:12:32]} 15. g4 {[%clk 00:33:45]} {[%emt
00:05:39]} Nc6 {[%clk 00:18:12]} {[%emt 00:05:58]} 16. a4 {[%clk 00:28:36]}
{[%emt 00:05:38]} Nd4 {[%clk 00:04:23]} {[%emt 00:14:18]} 17. a5 {[%clk
00:17:16]} {[%emt 00:11:52]} Rc8 {[%clk 00:04:05]} {[%emt 00:00:48]} 18. Rf2
{[%clk 00:08:44]} {[%emt 00:09:01]} h5 {[%clk 00:04:17]} {[%emt 00:00:19]} 19.
h3 {[%clk 00:04:37]} {[%emt 00:04:37]} Bh4 {[%clk 00:04:28]} {[%emt 00:00:18]}
20. Rd2 {[%clk 00:04:25]} {[%emt 00:00:42]} hxg4 {[%clk 00:03:52]} {[%emt
00:01:06]} 21. hxg4 {[%clk 00:04:24]} {[%emt 00:00:31]} Bg3 {[%clk 00:03:55]}
{[%emt 00:00:27]} 22. Ne2 {[%clk 00:02:15]} {[%emt 00:02:39]} Qh4 {[%clk
00:01:00]} {[%emt 00:03:24]} 23. Nxd4 {[%clk 00:01:48]} {[%emt 00:00:58]} Qh2+
{[%clk 00:01:29]} {[%emt 00:00:02]} 24. Kf1 {[%clk 00:02:04]} {[%emt 00:00:14]}
exd4 {[%clk 00:01:22]} {[%emt 00:00:36]} 25. Rxd4 {[%clk 00:00:36]} {[%emt
00:01:58]} Bxg4 {[%clk 00:00:35]} {[%emt 00:01:17]} 26. Rd2 {[%clk 00:00:33]}
{[%emt 00:00:33]} Bh3 {[%clk 00:00:50]} {[%emt 00:00:15]} 27. Ne7+ {[%clk
00:00:34]} {[%emt 00:00:29]} Kh7 {[%clk 00:00:56]} {[%emt 00:00:25]} 28. Nxc8
{[%clk 00:00:45]} {[%emt 00:00:18]} Bxc8 {[%clk 00:00:32]} {[%emt 00:00:54]} 29.
Ra3 {[%clk 00:30:30]} {[%emt 00:00:45]} 0-1

[ePGN "0.1;DGT LiveChess/2.1"]

[Event "Tournoi International du Pays de Charleroi 2018"]
[Site "Roux, Belgium"]
[Date "2018.07.29"]
[Round "2.7"]
[White "Chauvon, Guillaume"]
[Black "Okhotnik, Vladimir"]
[Result "0-1"]
[BlackTitle "GM"]
[WhiteElo "2013"]
[BlackElo "2384"]

1. Nf3 {[%clk 01:30:57]} {[%emt 00:00:02]} g6 {[%clk 01:30:50]} {[%emt
00:00:10]} 2. c4 {[%clk 01:31:14]} {[%emt 00:00:12]} Bg7 {[%clk 01:30:50]}
{[%emt 00:00:31]} 3. Nc3 {[%clk 01:31:32]} {[%emt 00:00:12]} c5 {[%clk
01:31:06]} {[%emt 00:00:14]} 4. g3 {[%clk 01:31:47]} {[%emt 00:00:15]} Nc6
{[%clk 01:31:11]} {[%emt 00:00:25]} 5. Bg2 {[%clk 01:32:12]} {[%emt 00:00:05]}
Nd4 {[%clk 01:31:38]} {[%emt 00:00:04]} 6. d3 {[%clk 01:26:34]} {[%emt
00:06:08]} Nxf3+ {[%clk 01:29:11]} {[%emt 00:02:57]} 7. Bxf3 {[%clk 01:26:58]}
{[%emt 00:00:06]} d6 {[%clk 01:29:12]} {[%emt 00:00:29]} 8. Bd2 {[%clk
01:25:24]} {[%emt 00:02:04]} Nf6 {[%clk 01:29:06]} {[%emt 00:00:36]} 9. a3
{[%clk 01:24:00]} {[%emt 00:01:53]} h5 {[%clk 01:28:15]} {[%emt 00:01:21]} 10.
h4 {[%clk 01:16:37]} {[%emt 00:07:53]} O-O {[%clk 01:27:41]} {[%emt 00:01:04]}
11. b4 {[%clk 01:11:12]} {[%emt 00:05:55]} Ng4 {[%clk 01:27:40]} {[%emt
00:00:32]} 12. bxc5 {[%clk 01:07:10]} {[%emt 00:04:32]} dxc5 {[%clk 01:23:57]}
{[%emt 00:04:13]} 13. Rb1 {[%clk 01:06:44]} {[%emt 00:00:56]} Rb8 {[%clk
01:23:57]} {[%emt 00:00:28]} 14. Qa4 {[%clk 01:02:17]} {[%emt 00:04:58]} a6
{[%clk 01:23:38]} {[%emt 00:00:48]} 15. Nd5 {[%clk 00:53:00]} {[%emt 00:09:48]}
b6 {[%clk 01:17:15]} {[%emt 00:06:53]} 16. O-O {[%clk 00:39:23]} {[%emt
00:14:07]} e6 {[%clk 01:16:30]} {[%emt 00:01:15]} 17. Nc3 {[%clk 00:32:40]}
{[%emt 00:07:12]} Be5 {[%clk 01:14:58]} {[%emt 00:02:03]} 18. Ne4 {[%clk
00:25:00]} {[%emt 00:08:10]} Qc7 {[%clk 01:12:32]} {[%emt 00:02:55]} 19. Bc3
{[%clk 00:22:55]} {[%emt 00:02:36]} Bxc3 {[%clk 01:08:12]} {[%emt 00:04:51]} 20.
Nxc3 {[%clk 00:23:22]} {[%emt 00:00:03]} Ne5 {[%clk 01:06:36]} {[%emt
00:02:05]} 21. Bg2 {[%clk 00:22:56]} {[%emt 00:00:56]} f5 {[%clk 01:06:55]}
{[%emt 00:00:11]} 22. f4 {[%clk 00:22:09]} {[%emt 00:01:17]} Ng4 {[%clk
01:06:14]} {[%emt 00:01:11]} 23. Qc6 {[%clk 00:22:33]} {[%emt 00:00:06]} Qd8
{[%clk 01:06:20]} {[%emt 00:00:24]} 24. Nd1 {[%clk 00:18:10]} {[%emt 00:04:54]}
Rf7 {[%clk 01:03:15]} {[%emt 00:03:34]} 25. Bf3 {[%clk 00:14:07]} {[%emt
00:04:33]} Rc7 {[%clk 01:02:40]} {[%emt 00:01:05]} 26. Qa4 {[%clk 00:14:35]}
{[%emt 00:00:03]} Qe7 {[%clk 01:00:09]} {[%emt 00:03:00]} 27. Qc2 {[%clk
00:08:50]} {[%emt 00:06:14]} Bd7 {[%clk 00:59:36]} {[%emt 00:01:02]} 28. a4
{[%clk 00:07:34]} {[%emt 00:01:48]} Qe8 {[%clk 00:59:13]} {[%emt 00:00:53]} 29.
a5 {[%clk 00:06:03]} {[%emt 00:02:01]} bxa5 {[%clk 00:57:31]} {[%emt 00:02:12]}
30. Rxb8 {[%clk 00:03:53]} {[%emt 00:02:41]} Qxb8 {[%clk 00:57:56]} {[%emt
00:00:04]} 31. Nc3 {[%clk 00:03:42]} {[%emt 00:00:41]} Bc6 {[%clk 00:56:11]}
{[%emt 00:02:15]} 32. Rb1 {[%clk 00:04:02]} {[%emt 00:00:11]} Qd8 {[%clk
00:56:36]} {[%emt 00:00:04]} 33. Rb6 {[%clk 00:02:08]} {[%emt 00:02:24]} Qd4+
{[%clk 00:56:57]} {[%emt 00:00:09]} 34. Kh1 {[%clk 00:02:21]} {[%emt 00:00:18]}
Qf2 {[%clk 00:57:21]} {[%emt 00:00:05]} 0-1

[Event "Tournoi International du Pays de Charleroi 2018"]
[Site "Roux, Belgium"]
[Date "2018.07.29"]
[Round "2.2"]
[White "De Herdt, Yasseen"]
[Black "Mirzoev, Azer"]
[Result "1/2-1/2"]
[BlackTitle "GM"]
[WhiteElo "2146"]
[BlackElo "2506"]

1. b3 {[%clk 01:30:56]} {[%emt 00:00:02]} d5 {[%clk 01:30:33]} {[%emt
00:00:27]} 2. Bb2 {[%clk 01:31:20]} {[%emt 00:00:06]} Bf5 {[%clk 01:30:40]}
{[%emt 00:00:22]} 3. Nf3 {[%clk 01:31:42]} {[%emt 00:00:09]} e6 {[%clk
01:31:00]} {[%emt 00:00:10]} 4. c4 {[%clk 01:31:23]} {[%emt 00:00:50]} Nf6
{[%clk 01:31:20]} {[%emt 00:00:10]} 5. Nh4 {[%clk 01:30:33]} {[%emt 00:01:19]}
Bg4 {[%clk 01:30:59]} {[%emt 00:00:49]} 6. h3 {[%clk 01:30:08]} {[%emt
00:00:58]} Bh5 {[%clk 01:31:19]} {[%emt 00:00:08]} 7. g4 {[%clk 01:29:52]}
{[%emt 00:00:48]} Ne4 {[%clk 01:27:21]} {[%emt 00:04:27]} 8. Ng2 {[%clk
01:23:14]} {[%emt 00:07:08]} Bg6 {[%clk 01:26:04]} {[%emt 00:01:46]} 9. e3
{[%clk 01:23:33]} {[%emt 00:00:12]} Nc6 {[%clk 01:23:02]} {[%emt 00:03:31]} 10.
cxd5 {[%clk 01:12:18]} {[%emt 00:11:47]} exd5 {[%clk 01:22:39]} {[%emt
00:00:52]} 11. a3 {[%clk 01:10:58]} {[%emt 00:01:51]} d4 {[%clk 01:10:24]}
{[%emt 00:12:45]} 12. d3 {[%clk 01:07:11]} {[%emt 00:04:16]} Nd6 {[%clk
01:10:43]} {[%emt 00:00:11]} 13. e4 {[%clk 01:05:16]} {[%emt 00:02:25]} h5
{[%clk 01:09:49]} {[%emt 00:01:24]} 14. Be2 {[%clk 00:51:16]} {[%emt 00:14:30]}
hxg4 {[%clk 00:57:40]} {[%emt 00:12:39]} 15. Bxg4 {[%clk 00:51:39]} {[%emt
00:00:06]} Ne5 {[%clk 00:55:33]} {[%emt 00:02:37]} 16. O-O {[%clk 00:38:29]}
{[%emt 00:13:42]} c5 {[%clk 00:49:08]} {[%emt 00:06:53]} 17. b4 {[%clk
00:35:31]} {[%emt 00:03:30]} Nxg4 {[%clk 00:43:46]} {[%emt 00:05:51]} 18. hxg4
{[%clk 00:34:20]} {[%emt 00:01:41]} Nb5 {[%clk 00:35:28]} {[%emt 00:08:47]} 19.
bxc5 {[%clk 00:26:40]} {[%emt 00:08:12]} Bxc5 {[%clk 00:35:30]} {[%emt
00:00:27]} 20. a4 {[%clk 00:22:10]} {[%emt 00:05:01]} Nc7 {[%clk 00:35:45]}
{[%emt 00:00:12]} 21. Nd2 {[%clk 00:22:15]} {[%emt 00:00:28]} f6 {[%clk
00:31:59]} {[%emt 00:04:14]} 22. Nb3 {[%clk 00:21:29]} {[%emt 00:01:17]} b6
{[%clk 00:30:05]} {[%emt 00:02:25]} 23. Rc1 {[%clk 00:21:13]} {[%emt 00:00:46]}
Bf7 {[%clk 00:27:31]} {[%emt 00:03:02]} 24. Nxc5 {[%clk 00:15:29]} {[%emt
00:06:15]} bxc5 {[%clk 00:27:56]} {[%emt 00:00:06]} 25. Re1 {[%clk 00:12:13]}
{[%emt 00:03:46]} Ne6 {[%clk 00:26:54]} {[%emt 00:01:31]} 26. Qf3 {[%clk
00:07:48]} {[%emt 00:04:55]} O-O {[%clk 00:11:49]} {[%emt 00:15:36]} 27. Ba3
{[%clk 00:05:12]} {[%emt 00:03:06]} Rc8 {[%clk 00:10:14]} {[%emt 00:02:04]} 28.
Nf4 {[%clk 00:04:34]} {[%emt 00:01:07]} Ng5 {[%clk 00:09:40]} {[%emt 00:01:04]}
29. Qg3 {[%clk 00:05:01]} {[%emt 00:00:04]} Qd6 {[%clk 00:09:07]} {[%emt
00:01:03]} 30. Kg2 {[%clk 00:05:26]} {[%emt 00:00:05]} Rfe8 {[%clk 00:08:45]}
{[%emt 00:00:51]} 31. Rh1 {[%clk 00:04:00]} {[%emt 00:01:57]} Bb3 {[%clk
00:03:27]} {[%emt 00:05:47]} 32. a5 {[%clk 00:03:40]} {[%emt 00:00:51]} Kf7
{[%clk 00:03:06]} {[%emt 00:00:51]} 33. Nd5 {[%clk 00:03:01]} {[%emt 00:01:10]}
Qxg3+ {[%clk 00:02:52]} {[%emt 00:00:43]} 34. Kxg3 {[%clk 00:02:14]} {[%emt
00:01:17]} c4 {[%clk 00:03:21]} {[%emt 00:00:02]} 35. f4 {[%clk 00:01:10]}
{[%emt 00:01:33]} Ne6 {[%clk 00:03:44]} {[%emt 00:00:08]} 36. dxc4 {[%clk
00:01:27]} {[%emt 00:00:13]} Bxc4 {[%clk 00:04:03]} {[%emt 00:00:10]} 37. Rhd1
{[%clk 00:01:27]} {[%emt 00:00:31]} Be2 {[%clk 00:03:43]} {[%emt 00:00:49]} 38.
Re1 {[%clk 00:00:32]} {[%emt 00:01:25]} d3 {[%clk 00:03:36]} {[%emt 00:00:38]}
39. Bb4 {[%clk 00:01:00]} {[%emt 00:00:02]} Nd4 {[%clk 00:03:50]} {[%emt
00:00:15]} 40. Rxc8 {[%clk 00:00:34]} {[%emt 00:00:57]} Rxc8 {[%clk 00:04:14]}
{[%emt 00:00:06]} 41. Kf2 {[%clk 00:25:14]} {[%emt 00:05:49]} Rc4 {[%clk
00:33:02]} {[%emt 00:01:39]} 42. Rb1 {[%clk 00:22:35]} {[%emt 00:03:11]} a6
{[%clk 00:22:07]} {[%emt 00:11:26]} 43. Bd2 {[%clk 00:15:21]} {[%emt 00:07:44]}
Nf3 {[%clk 00:21:17]} {[%emt 00:01:19]} 44. Rb7+ {[%clk 00:14:53]} {[%emt
00:00:59]} Kg8 {[%clk 00:14:35]} {[%emt 00:07:12]} 45. Bc3 {[%clk 00:05:46]}
{[%emt 00:09:38]} Rxe4 {[%clk 00:10:06]} {[%emt 00:04:59]} 46. g5 {[%clk
00:04:19]} {[%emt 00:01:57]} fxg5 {[%clk 00:02:08]} {[%emt 00:08:27]} 47. Bxg7
{[%clk 00:04:03]} {[%emt 00:00:46]} Rxf4 {[%clk 00:01:04]} {[%emt 00:01:34]} 48.
Nxf4 {[%clk 00:03:37]} {[%emt 00:00:56]} gxf4 {[%clk 00:01:31]} {[%emt
00:00:04]} 49. Bh6 {[%clk 00:03:51]} {[%emt 00:00:15]} Nd2 {[%clk 00:01:28]}
{[%emt 00:00:32]} 50. Bxf4 {[%clk 00:03:53]} {[%emt 00:00:29]} Nc4 {[%clk
00:01:51]} {[%emt 00:00:07]} 51. Rb3 {[%clk 00:00:41]} {[%emt 00:03:36]} Nxa5
{[%clk 00:01:08]} {[%emt 00:01:19]} 52. Rc3 {[%clk 00:00:57]} {[%emt 00:00:14]}
Kf7 {[%clk 00:00:44]} {[%emt 00:00:55]} 53. Bd2 {[%clk 00:00:43]} {[%emt
00:00:43]} Ke6 {[%clk 00:00:50]} {[%emt 00:00:22]} 54. Ra3 {[%clk 00:00:42]}
{[%emt 00:00:34]} Nc4 {[%clk 00:01:13]} {[%emt 00:00:05]} 55. Rxa6+ {[%clk
00:01:10]} {[%emt 00:00:03]} Kd5 {[%clk 00:01:34]} {[%emt 00:00:08]} 56. Ke1
{[%clk 00:01:18]} {[%emt 00:00:22]} Kd4 {[%clk 00:01:44]} {[%emt 00:00:21]}
1/2-1/2